Livres d'armées du monde Warhammer battle - Statistiques

Statistiques générales
  • Ce quiz a été pris 24 fois
  • Le résultat moyen est 14 sur 20
Statistiques - réponses
Hint Réponse % Correct
V4 Empire
100%
V5 Bretonnie
94%
V4 Nains
94%
V4 Elfes noirs
88%
V4 Hauts Elfes
88%
V5 Hommes lézards
88%
V4 Skavens
88%
V5 Comtes vampires
81%
V4 Elfes Sylvains
81%
V7 Hommes bêtes
81%
V4 Nains du Chaos
75%
V6 Rois des tombes
69%
V7 Démons du Chaos
63%
V4 Chaos
56%
V4 Orques et Gobelins
56%
V6 Royaume Ogre
56%
V7 Guerrier du chaos
44%
V4 Morts vivants
25%
V5 Mercenaires
19%
V6 Horde du chaos
6%
Aucun quiz correspondant
Distribution des résultats
% des personnes avec chaque résultat
Percentile par nombre de réponses
Votre historique - résultats
Vous n’avez pas pris ce quiz